| 000 | 00859nam a22001817a 4500 | ||
|---|---|---|---|
| 008 | 240221t2024 xxk|||||o|||| 00| 0 eng d | ||
| 041 | _aeng | ||
| 110 | _aRoyal Institution of Chartered Surveyors | ||
| 245 |
_aShaping culture as a leader _h[Electronic resource] |
||
| 260 |
_aLondon, _bRoyal Institution of Chartered Surveyors, _cFebruary 2024 |
||
| 490 | _aRICS Rules of Conduct | ||
| 520 | _aGuidance to support Rule 4 of the RICS Rules of Conduct on Diversity, Equity and Inclusion. This paper focuses on how leaders can create an inclusive culture. | ||
| 650 | _aDIVERSITY | ||
| 651 | _aInternational | ||
| 710 | _aRoyal Institution of Chartered Surveyors | ||
| 856 |
_uhttps://www.rics.org/profession-standards/rics-standards-and-guidance/conduct-competence/diversity-equity-inclusion/inclusive-culture _zAvailable free on RICS.org |
||
| 942 | _n0 | ||
| 999 |
_c121801 _d121801 |
||